Pracovní sešit ze zoologie /

Korporativní autor: Česká zemědělská univerzita v Praze. Katedra zoologie a rybářství
Další autoři: Vadlejch, Jaroslav, 1979-
Jazyk: Čeština
Vydáno: Praha : Česká zemědělská univerzita v Praze, 2008
Vydání: Vyd. 4., přeprac.
Témata:
Fyzický popis: 192 s. : il. ; 30 cm
Knihy
Uloženo v:
LEADER 01857nam a2200481 a 4500
001 nkc20081822723
003 CZ PrNK
005 20090831164521.0
007 ta
008 090625s2008 xr a e p 000 0 cze
015 |a cnb001822723 
020 |a 978-80-213-1836-6  |q (brož.) 
035 |a (OCoLC)432993086 
040 |a ABA001  |b cze 
072 7 |a 59  |x Zoologie  |2 Konspekt  |9 2 
072 7 |a 37.016  |x Učební osnovy. Vyučovací předměty. Učebnice  |2 Konspekt  |9 22 
080 |a 59  |2 MRF 
080 |a (076.5)  |2 MRF 
080 |a (076.1)  |2 MRF 
080 |a (075.8)  |2 MRF 
245 0 0 |a Pracovní sešit ze zoologie /  |c kolektiv autorů [vedoucí autorského kolektivu Jaroslav Vadlejch] 
250 |a Vyd. 4., přeprac. 
260 |a Praha :  |b Česká zemědělská univerzita v Praze,  |c 2008 
300 |a 192 s. :  |b il. ;  |c 30 cm 
500 |a Na obálce nad názvem: Česká zemědělská univerzita v Praze, Fakulta agrobiologie, potravinových a přírodních zdrojů, katedra zoologie a rybářství 
500 |a V tiráži vročení 2005 
500 |a 1000 výt. 
504 |a Obsahuje bibliografii 
650 0 7 |a zoologie  |7 ph116787  |2 czenas 
650 0 9 |a zoology  |2 eczenas 
655 7 |a praktická cvičení  |7 fd133118  |2 czenas 
655 7 |a pracovní sešity  |7 fd133116  |2 czenas 
655 7 |a učebnice vysokých škol  |7 fd133772  |2 czenas 
655 9 |a problems, exercises, etc  |2 eczenas 
655 9 |a activity books  |2 eczenas 
655 9 |a textbooks (higher)  |2 eczenas 
700 1 |a Vadlejch, Jaroslav,  |d 1979-  |7 mzk2006324244  |4 aut 
710 2 |a Česká zemědělská univerzita v Praze.  |b Katedra zoologie a rybářství  |7 xx0052950 
910 2 |a BOA001  |b 4-1225.835 
990 |a BK 
995 |a 01 
991 |b 200907  |c NOV  |j 59 PRA 
996 6 |b 2610383278  |c 4-1225.835  |l MZK  |r Sklad / do 1 hodiny  |n 0  |p p.v.  |w 000947472  |u 000010  |a 1  |e BOA001  |j MZK50  |s P